Normal view MARC view
  • London

Entry Corporate Name

Number of records used in: 1

001 - CONTROL NUMBER

  • control field: 5155

003 - CONTROL NUMBER IDENTIFIER

  • control field: SIRSI

005 - DATE AND TIME OF LATEST TRANSACTION

  • control field: 20190806150240.0

008 - FIXED-LENGTH DATA ELEMENTS

  • fixed length control field: 070403n| aaznnaabn |n ana d

040 ## - CATALOGING SOURCE

  • Original cataloging agency: OSt
  • Transcribing agency: OSt

110 1# - HEADING--CORPORATE NAME

  • Corporate name or jurisdiction name as entry element: London
  • Subordinate unit: Greater London Authority
  • Subordinate unit: Design for London

410 ## - SEE FROM TRACING--CORPORATE NAME

  • Corporate name or jurisdiction name as entry element: Design for London

410 ## - SEE FROM TRACING--CORPORATE NAME

  • Corporate name or jurisdiction name as entry element: London
  • Subordinate unit: Design for London

670 ## - SOURCE DATA FOUND

  • Source citation: Design for London will help shape capital's future, 2007